[Event "Medellin Antioquia-ch"]
[Site "Medellin"]
[Date "2024.05.03"]
[Round "4"]
[White "Montilla Reyes, Jorcerys"]
[Black "Gonzalez Guevara, Juan Felipe"]
[Result "1-0"]
[WhiteElo "2147"]
[BlackElo "1835"]
[PlyCount "55"]
[EventDate "2024.05.01"]
[EventType "swiss"]
[EventRounds "7"]
[EventCountry "COL"]
[SourceTitle "CB20_2024"]
[SourceDate "2024.05.16"]
[SourceVersion "1"]
[SourceVersionDate "2024.05.16"]
[SourceQuality "1"]

1. d4 d5 2. c4 c6 3. Nc3 Nf6 4. Nf3 Bg4 5. Ne5 Bh5 6. Qb3 b6 7. cxd5 Nxd5 8. e4 Nxc3 9. bxc3 e6 10. Nxc6 Nxc6 11. Bb5 Rc8 12. d5 Qh4 13. Qa4 Bd6 14. Bxc6+ Ke7 15. Ba3 Rxc6 16. dxc6 Qf4 17. Bxd6+ Kxd6 18. 0-0 Rc8 19. Qb5 g6 20. e5+ Ke7 21. Qa6 Rc7 22. Qa3+ Ke8 23. Qd6 Qg5 24. Qxc7 Bf3 25. Qd7+ Kf8 26. g3 Qh5 27. Qd8+ Kg7 28. Qf6+ 1-0

[Event "Pereira op"]
[Site "Pereira"]
[Date "2023.09.23"]
[Round "2"]
[White "Montilla Reyes, Jorcerys"]
[Black "Moncada, Duvan Andres"]
[Result "1-0"]
[WhiteElo "2183"]
[BlackElo "1580"]
[PlyCount "53"]
[EventDate "2023.09.23"]
[EventType "swiss"]
[EventRounds "6"]
[EventCountry "COL"]
[SourceTitle "EXT 2024"]
[Source "ChessBase"]
[SourceDate "2023.10.10"]
[SourceVersion "1"]
[SourceVersionDate "2023.10.10"]
[SourceQuality "1"]

1. d4 d5 2. c4 dxc4 3. Nf3 Nf6 4. e3 c5 5. Bxc4 e6 6. 0-0 Nbd7 7. Qe2 a6 8. a4 b6 9. Rd1 Bb7 10. Nc3 Qc7 11. e4 cxd4 12. Nxd4 Bd6 13. g3 0-0 14. Ncb5 axb5 15. Nxb5 Qb8 16. Rxd6 Ba6 17. e5 Nxe5 18. Qxe5 Nd7 19. Qd4 e5 20. Qd1 Bxb5 21. Bxb5 Nc5 22. Be3 Nb3 23. Rxb6 Nxa1 24. Rxb8 Rfxb8 25. Bc6 Ra6 26. Bd5 Ra5 27. Bc4 1-0

[Event "Rivera Hernandez Memorial"]
[Site "Rivera Huila"]
[Date "2023.07.21"]
[Round "6"]
[White "Montilla Reyes, Jorcerys"]
[Black "Torres, Juan Camilo"]
[Result "1/2-1/2"]
[WhiteElo "2139"]
[BlackElo "2316"]
[PlyCount "28"]
[EventDate "2023.07.19"]
[EventType "swiss"]
[EventRounds "10"]
[EventCountry "COL"]
[SourceTitle "CBM 215 Extra"]
[Source "ChessBase"]
[SourceDate "2023.09.30"]
[SourceVersion "1"]
[SourceVersionDate "2023.09.30"]
[SourceQuality "1"]

1. d4 d5 2. c4 c6 3. Nc3 Nf6 4. cxd5 cxd5 5. Nf3 Nc6 6. Bf4 a6 7. e3 Bg4 8. Rc1 e6 9. h3 Bh5 10. g4 Bg6 11. Qb3 Bd6 12. Ne5 0-0 13. Nxc6 bxc6 14. Bxd6 Qxd6 1/2-1/2

[Event "COL-ch (Women)"]
[Site "Boyaca"]
[Date "2022.08.21"]
[Round "9"]
[White "Montilla Reyes, Jorcerys"]
[Black "Velez Alvarez, Laura Camila"]
[Result "1-0"]
[WhiteElo "2172"]
[BlackElo "1817"]
[PlyCount "65"]
[EventDate "2022.08.17"]
[EventType "swiss"]
[EventRounds "9"]
[EventCountry "COL"]
[SourceTitle "CBM 210 Extra"]
[Source "ChessBase"]
[SourceDate "2022.11.30"]
[SourceVersion "1"]
[SourceVersionDate "2022.11.30"]
[SourceQuality "1"]

1. d4 Nf6 2. c4 g6 3. Nc3 Bg7 4. e4 d6 5. f4 0-0 6. Nf3 Na6 7. Be2 e5 8. dxe5 dxe5 9. Qxd8 Rxd8 10. Nxe5 Nc5 11. Bf3 Be6 12. 0-0 Nfd7 13. Nxd7 Rxd7 14. Be3 Nd3 15. e5 Nxb2 16. Bxb7 Rad8 17. Rfb1 Nxc4 18. Bxa7 f6 19. Bc6 Rf7 20. Ne4 fxe5 21. Ng5 Re7 22. Bc5 Nd6 23. Nxe6 Rxe6 24. Bd5 Kf7 25. Re1 c6 26. Bxe6+ Kxe6 27. fxe5 Nc4 28. a4 Rd5 29. Bf2 Bxe5 30. Bg3 Ra5 31. Rac1 Nb2 32. Rxc6+ Kd7 33. Rxe5 1-0

[Event "COL-ch (Women)"]
[Site "Boyaca"]
[Date "2022.08.21"]
[Round "8"]
[White "Rivera, Ingris"]
[Black "Montilla Reyes, Jorcerys"]
[Result "1-0"]
[WhiteElo "2249"]
[BlackElo "2172"]
[PlyCount "93"]
[EventDate "2022.08.17"]
[EventType "swiss"]
[EventRounds "9"]
[EventCountry "COL"]
[SourceTitle "CBM 210 Extra"]
[Source "ChessBase"]
[SourceDate "2022.11.30"]
[SourceVersion "1"]
[SourceVersionDate "2022.11.30"]
[SourceQuality "1"]

1. d4 d5 2. c4 c6 3. Nf3 Nf6 4. Nc3 e6 5. e3 Nbd7 6. Qc2 Bd6 7. Bd3 0-0 8. 0-0 Qe7 9. e4 dxc4 10. Bxc4 e5 11. h3 b5 12. Bd3 a6 13. Be3 Re8 14. Rfe1 h6 15. Ne2 Bb7 16. Ng3 exd4 17. Nf5 Qf8 18. Nxd6 Qxd6 19. Bxd4 c5 20. e5 Qb6 21. exf6 cxd4 22. Bh7+ Kh8 23. fxg7+ Kxg7 24. Be4 Nc5 25. Bxb7 Nxb7 26. Qf5 Qg6 27. Qd5 Nd6 28. Nxd4 Kh7 29. Nc6 Nc4 30. Ne7 Qf6 31. b3 Nb6 32. Qf5+ Qxf5 33. Nxf5 Rxe1+ 34. Rxe1 Kg6 35. g4 Rd8 36. Rc1 Kg5 37. Rc6 Rd1+ 38. Kh2 Nd5 39. Rd6 h5 40. h4+ Kf4 41. Ne7 Nc3 42. Rxd1 Nxd1 43. gxh5 Nxf2 44. Nd5+ Kf3 45. Nf6 Nd3 46. h6 Nf4 47. h5 1-0

[Event "Pereira Gildardo Garcia Memorial-A"]
[Site "Pereira"]
[Date "2022.05.22"]
[Round "10"]
[White "Pazos Gambarrotti, Plinio Efrain"]
[Black "Montilla Reyes, Jorcerys"]
[Result "0-1"]
[WhiteElo "2093"]
[BlackElo "2157"]
[PlyCount "89"]
[EventDate "2022.05.18"]
[EventType "swiss"]
[EventRounds "10"]
[EventCountry "COL"]
[SourceTitle "CBM 208 Extra"]
[Source "ChessBase"]
[SourceDate "2022.07.31"]
[SourceVersion "1"]
[SourceVersionDate "2022.07.31"]
[SourceQuality "1"]

1. c4 c6 2. e4 d5 3. cxd5 cxd5 4. exd5 Nf6 5. Qa4+ Nbd7 6. Nc3 g6 7. Nf3 Bg7 8. Bc4 0-0 9. 0-0 Nb6 10. Qb3 Nxc4 11. Qxc4 Qd6 12. d3 Bf5 13. Bf4 Bxd3 14. Qxd3 Qxf4 15. Rfe1 Qd6 16. Rad1 a6 17. Ne5 Rac8 18. a3 Nd7 19. Nxd7 Qxd7 20. Re2 Rfd8 21. Ne4 Qc7 22. h4 Rd7 23. h5 Rcd8 24. Qf3 Qb6 25. Red2 Bh6 26. Rd3 f5 27. hxg6 hxg6 28. Rb3 Qa5 29. Qh3 Kg7 30. Nc3 Bf4 31. Rb4 Rh8 32. Qf3 Bh2+ 33. Kf1 Bd6 34. Rbd4 Be5 35. Ra4 Qc7 36. g3 b5 37. Rxa6 Qc4+ 38. Kg2 b4 39. Rc6 Qb3 40. axb4 Qxb4 41. Qe2 Bf6 42. d6 Qb7 43. Qf3 exd6 44. Rdxd6 Rxd6 45. Rxd6 0-1

[Event "Manizales op 27th"]
[Site "Manizales"]
[Date "2022.01.09"]
[Round "6"]
[White "Montilla Reyes, Jorcerys"]
[Black "Hurtado Sarmiento, Juan Sebastian"]
[Result "1-0"]
[WhiteElo "2160"]
[BlackElo "1926"]
[PlyCount "77"]
[EventDate "2022.01.06"]
[EventType "swiss"]
[EventRounds "8"]
[EventCountry "COL"]
[SourceTitle "CBM 206 Extra"]
[Source "ChessBase"]
[SourceDate "2022.03.31"]
[SourceVersion "1"]
[SourceVersionDate "2022.03.31"]
[SourceQuality "1"]

1. d4 d5 2. Bf4 Nf6 3. e3 e6 4. Bd3 Bd6 5. Bxd6 Qxd6 6. c3 0-0 7. f4 b6 8. Nf3 Ba6 9. Bxa6 Nxa6 10. 0-0 Ne4 11. Nbd2 Nxd2 12. Qxd2 Nb8 13. Rac1 Nd7 14. c4 c5 15. Rfd1 Rfd8 16. dxc5 Nxc5 17. cxd5 exd5 18. b4 Ne4 19. Qd4 h6 20. Ne5 Qe6 21. Rc6 Qe8 22. Rc7 f6 23. Nc6 Rd7 24. Rxd7 Qxd7 25. Ne7+ Qxe7 26. Qxd5+ Kh7 27. Qxa8 Nc3 28. Re1 Qxb4 29. Qc8 h5 30. Qf5+ Kh6 31. h3 Nxa2 32. Rd1 Qe7 33. Rd7 Qa3 34. Kf2 Nc3 35. Rd8 Qb2+ 36. Kg3 g6 37. Rh8+ Kg7 38. Qc8 Ne4+ 39. Kh2 1-0

[Event "COL-ch Blitz (Women)"]
[Site "Villavicencio"]
[Date "2021.11.15"]
[Round "6"]
[White "Montilla Reyes, Jorcerys"]
[Black "Orozco, Lina Yomayra"]
[Result "1-0"]
[WhiteElo "2051"]
[BlackElo "1979"]
[PlyCount "49"]
[EventDate "2021.11.15"]
[EventType "swiss (blitz)"]
[EventRounds "13"]
[EventCountry "COL"]
[SourceTitle "CBM 205 Extra"]
[Source "ChessBase"]
[SourceDate "2022.01.31"]
[SourceVersion "1"]
[SourceVersionDate "2022.01.31"]
[SourceQuality "1"]

1. d4 Nf6 2. c4 c5 3. d5 b5 4. cxb5 a6 5. Nc3 g6 6. e4 d6 7. a4 Bg7 8. f4 Nfd7 9. Nf3 0-0 10. Be2 axb5 11. Bxb5 Ba6 12. Bd2 Bxb5 13. axb5 Rxa1 14. Qxa1 Qb6 15. 0-0 c4+ 16. Kh1 Nc5 17. Be3 Bxc3 18. bxc3 Qxb5 19. Bxc5 Qxc5 20. Nd4 Nd7 21. h3 Nf6 22. Re1 Nh5 23. Qc1 Ra8 24. Qd2 Ra3 25. Nc6 1-0

[Event "Manizales Las Americas op-A"]
[Site "Manizales"]
[Date "2021.10.16"]
[Round "6"]
[White "Leon Acevedo, Juan Alejandro"]
[Black "Montilla Reyes, Jorcerys"]
[Result "1-0"]
[WhiteElo "1838"]
[BlackElo "2136"]
[PlyCount "105"]
[EventDate "2021.10.14"]
[EventType "swiss"]
[EventRounds "10"]
[EventCountry "COL"]
[SourceTitle "CBM 204 Extra"]
[Source "ChessBase"]
[SourceDate "2021.11.30"]
[SourceVersion "1"]
[SourceVersionDate "2021.11.30"]
[SourceQuality "1"]

1. d4 d5 2. c4 dxc4 3. Nf3 Nf6 4. g3 e6 5. Bg2 c5 6. Qa4+ Nbd7 7. Qxc4 Nb6 8. Qd3 cxd4 9. 0-0 Bd6 10. Nxd4 0-0 11. Nc3 Bc5 12. Rd1 e5 13. Nb3 Qxd3 14. Rxd3 Be7 15. Rd1 a5 16. Bg5 a4 17. Nd2 Bb4 18. Rac1 Bxc3 19. Rxc3 Nfd5 20. Rc5 h6 21. Bxd5 hxg5 22. Nc4 Ra6 23. Nxb6 Rxb6 24. Rd2 Kh8 25. Bxf7 Rf6 26. Bd5 Bh3 27. e4 b6 28. Rc3 Kh7 29. Bc6 Kg6 30. Bxa4 Ra8 31. Bb3 Bg4 32. a3 Bf3 33. Bd5 Rh8 34. Rc6 Rxc6 35. Bxc6 Rc8 36. Rc2 Kf6 37. Rc3 g4 38. Bd5 Rxc3 39. bxc3 Be2 40. Kg2 Ke7 41. h3 gxh3+ 42. Kxh3 g5 43. f4 exf4 44. gxf4 gxf4 45. e5 Bd1 46. Kg2 Bh5 47. c4 Bd1 48. Kf2 Bh5 49. a4 Bd1 50. c5 Kd7 51. cxb6 Bxa4 52. b7 Kc7 53. Kf3 1-0

[Event "Manizales Las Americas op-A"]
[Site "Manizales"]
[Date "2021.10.14"]
[Round "1"]
[White "Montilla Reyes, Jorcerys"]
[Black "Sanchez, Sebastian Felipe"]
[Result "0-1"]
[WhiteElo "2136"]
[BlackElo "2445"]
[PlyCount "72"]
[EventDate "2021.10.14"]
[EventType "swiss"]
[EventRounds "10"]
[EventCountry "COL"]
[SourceTitle "CBM 204 Extra"]
[Source "ChessBase"]
[SourceDate "2021.11.30"]
[SourceVersion "1"]
[SourceVersionDate "2021.11.30"]
[SourceQuality "1"]

1. d4 Nf6 2. c4 e6 3. Nc3 Bb4 4. a3 Bxc3+ 5. bxc3 Nc6 6. e3 0-0 7. Bd3 e5 8. d5 e4 9. Be2 Ne5 10. f4 exf3 11. Nxf3 Qe7 12. 0-0 d6 13. Qd4 Ned7 14. Bd3 Nc5 15. Bc2 Re8 16. Qh4 Nfe4 17. Qh5 Bd7 18. Nd4 g6 19. Qh6 Qg5 20. Qxg5 Nxg5 21. Nb5 Rec8 22. Rf4 f5 23. h4 Nge4 24. g4 Bxb5 25. cxb5 Nxc3 26. Kf1 Nxd5 27. Rd4 Ne7 28. gxf5 Nxf5 29. Bxf5 Rf8 30. Rf4 Rxf5 31. Rxf5 gxf5 32. Bb2 Kf7 33. Ke2 Rg8 34. Kf3 Rg4 35. h5 Rh4 36. Rg1 Ne6 0-1